Culture Générale - Série 1782 - Statistiques

Statistiques générales
  • Ce quiz a été pris 332 fois
  • Le résultat moyen est 6 sur 10
Statistiques - réponses
Question Réponse % Correct
Quel insecte appelle-t-on aussi « la bête à bon dieu » ? coccinelle
88%
Dans quelle ville sont situées les plus célèbres falaises de France ? Etretat
79%
Dans quel pays se trouve le circuit automobile de Zandvoort ? Pays Bas
76%
Quel est le prénom de Kate Winslet dans le film "Titanic" de James Cameron ? Rose
76%
Dans quelles aventures retrouve-t-on les personnages de Loïs et Clark ? Superman
76%
Qui joue le rôle du nettoyeur dans le film "Nikita" ? Jean Reno
58%
A quel animal associe-t-on le mot luth ? tortue
49%
Quelle est la seule valeur à la roulette à porter la couleur verte ? le zéro
43%
Comment appelle-ton la doctrine ou attitude, fondée sur la négation de toutes valeurs, croyances ou réalités substantielles ? nihilisme
36%
Quelle capitale actuelle était appelée « Philadelphia » du temps des Romains ? Amman
10%
Aucun quiz correspondant
Distribution des résultats
% des personnes avec chaque résultat
Percentile par nombre de réponses
Votre historique - résultats
Vous n’avez pas pris ce quiz